| 000 | 00000nam 2200000za 4500 |
| 001 | 9.831687 |
| 003 | CaOODSP |
| 005 | 20240624082335 |
| 007 | cr ||||||||||| |
| 008 | 170202s1991 oncabo #ob f000 0 fre d |
| 020 | |a0-662-96924-3 |
| 040 | |aCaOODSP|bfre |
| 043 | |an-cn--- |
| 086 | 1 |aZ1-1988/1-41-11F-PDF|zZ1-1988/1-41-11F |
| 100 | 1 |aBarrett, Suzanne. |
| 245 | 10|aEast Bayfront et le secteur industriel portuaire |h[ressource électronique] : |bvoies multiples : vers une démarche axée sur l'écosystème : rapport des phases I et II d'un examen environnemental d'East Bayfront et du secteur industriel portuaire / |cpréparé pour la Commission royale sur l'avenir du secteur riverain de Toronto par Suzanne Barrett et Joanna Kidd. |
| 260 | |aOttawa : |bCommission royale sur l'avenir du secteur riverain de Toronto, |c1991. |
| 300 | |a171 p. : |bill., cartes, photographies |
| 500 | |a« Avril 1991. » |
| 500 | |aÉdition numérisée de l’imprimé par Bureau du Conseil privé. |
| 500 | |aPublié aussi en anglais sous le titre: East Bayfront and Port Industrial Area : pathways : towards an ecosystem approach : a report of phases I and II of an environmental audit of Toronto's East Bayfront and Port Industrial area. |
| 504 | |aComprend des références bibliographiques (p. 153-158). |
| 520 | |aLe présent rapport sur l'examen environnemental d'East Bayfront et du secteur industriel portuaire de la ville de Toronto constitue une démarche novatrice sous deux volets importants : tout d'abord, l'approche adoptée, qui est axée sur l'écosystème, et ensuite, la façon dont le groupe chargé de l'examen a fonctionné. |
| 692 | 07|2gccst|aCommission d'enquête |
| 692 | 07|2gccst|aHarbours |
| 692 | 07|2gccst|aUrbanisme |
| 700 | 1 |aKidd, Joanna. |
| 710 | 1 |aCanada. |bBureau du Conseil privé. |
| 710 | 1 |aCanada.|bCommission royale sur l'avenir du secteur riverain de Toronto. |
| 775 | 08|tEast Bayfront and Port Industrial Area |w(CaOODSP)9.831685 |
| 856 | 40|qPDF|s73.12 Mo|uhttps://publications.gc.ca/collections/collection_2017/bcp-pco/Z1-1988-1-41-11-fra.pdf |